000 00599nam a2200229Ia 4500
003 OSt
005 20221005120700.0
006 a|||||r|||| 00| 0
007 ta
008 221004b |||||||| |||| 00| 0 eng d
024 _a59699
037 _cTextual
040 _aCRL
_cCRL
_beng
041 _2eng
_aeng
082 _aVxM34:3, J6
100 _aActon John Emerich Edward Delberg
_9629523
245 0 _aEssays on freedom and power.
260 _c1956
650 _aHISTORY
942 _hVxM34:3, J6
_cTEXL
_2cc
999 _c1038788
_d1038788